Linked Open Data - Creating Knowledge Out of Interlinked Data: Results of the LOD2 Project (Record no. 294706)
[ view plain ]
| 000 -LEADER | |
|---|---|
| fixed length control field | 00416nam a2200109Ia 4500 |
| 008 - FIXED-LENGTH DATA ELEMENTS--GENERAL INFORMATION | |
| fixed length control field | 160523s9999 xx 000 0 und d |
| 245 ## - TITLE STATEMENT | |
| Title | Linked Open Data - Creating Knowledge Out of Interlinked Data: Results of the LOD2 Project |
| 245 ## - TITLE STATEMENT | |
| Statement of responsibility, etc | s: Sören Auer --- Volha Bryl --- Sebastian Tramp |
| 260 ## - PUBLICATION, DISTRIBUTION, ETC. (IMPRINT) | |
| Date of publication, distribution, etc | 2014 |
| 650 ## - SUBJECT ADDED ENTRY--TOPICAL TERM | |
| General subdivision | Information Technology. |
| 856 ## - ELECTRONIC LOCATION AND ACCESS | |
| Uniform Resource Identifier | <a href="http://link.springer.com/book/10.1007/978-3-319-09846-3">http://link.springer.com/book/10.1007/978-3-319-09846-3</a> |
| Withdrawn status | Lost status | Damaged status | Home library | Current library | Date acquired | Total Checkouts | Date last seen | Price effective from | Koha item type |
|---|---|---|---|---|---|---|---|---|---|
| College Library | College Library | 05/23/2016 | 05/23/2016 | 05/23/2016 | Curriculum - Based eBooks |